Statistics for BTS songs win music show

Click here to take the quiz!

General Stats

  • This quiz has been taken 37 times
  • The average score is 19 of 25

Answer Stats

WinsGroup/SoloistReleased DateSong% Correct
32 WInsBTS21/8/2020Dynamite
100%
21 WinsBTS12/4/2019Boy With Luv
90%
13 WinsJUNG KOOK14/7/2023Seven
90%
3 WinsJUNG KOOK29/9/20233D
86%
4 WinsJIMIN24/3/2023Like Crazy
86%
2 WinsJUNG KOOK3/11/2023Standing Next to You
86%
1 WinJIN28/10/22The Astronaut
86%
13 WinsBTS21/5/2021Butter
83%
1 WinJIMIN24/3/2023Set Me Free Pt.2
79%
10 WinsBTS18/9/2017DNA
76%
12 WinsBTS18/5/2018FAKE LOVE
76%
16 WinsBTS21/2/2020ON
76%
8 WinsBTS23/7/2021Permission to Dance
76%
3 WinsBTS9/6/2023Take Two
76%
9 WinsBTS10/6/2022Yet To Come (The Most
Beautiful Moment)
76%
6 WinsBTS10/10/2016Blood Sweat & Tears
72%
2 WinsJ-HOPE3/3/2023on the street
69%
6 WinsV8/9/2023Slow Dancing
69%
3 WinsBTS2/5/2016FIRE
66%
5 WinsBTS29/4/2014I NEED U
66%
8 WinsBTS24/8/2018IDOL
62%
9 WinsBTS20/11/2020Life Goes On
62%
3 WinsV8/9/2023Love Me Again
62%
5 WinsBTS30/11/2015RUN
62%
4 WinsBTS13/2/2017Spring Day
52%

Score Distribution

Percentile by Number Answered

Percent of People with Each Score

Your Score History

You have not taken this quiz